La del alba sería_ la poesía (Record no. 175487)
[ view plain ]
| 000 -LEADER | |
|---|---|
| campo de control de longitud fija | 01397nam a2200265 i 4500 |
| 001 - NÚMERO DE CONTROL | |
| campo de control | 175487 |
| 003 - IDENTIFICADOR DE NÚMERO DE CONTROL | |
| campo de control | ES-MaACL |
| 005 - FECHA Y HORA DE LA ÚLTIMA TRANSACCIÓN | |
| campo de control | 20250820063053.0 |
| 007 - CAMPO FIJO DE DESCRIPCIÓN FÍSICA--INFORMACIÓN GENERAL | |
| campo de control de longitud fija | t| |
| 008 - DATOS DE LONGITUD FIJA--INFORMACIÓN GENERAL | |
| campo de control de longitud fija | 101029s1999 sp a r ||||1| spa d |
| 020 ## - NÚMERO INTERNACIONAL ESTÁNDAR DEL LIBRO | |
| Número Internacional Estándar del Libro | 84-87914-37-3 |
| 080 ## - NÚMERO DE LA CLASIFICACIÓN DECIMAL UNIVERSAL | |
| Número de la Clasificación Decimal Universal | 821.134.2 Cervantes Saavedra, Miguel de .09 |
| 080 ## - NÚMERO DE LA CLASIFICACIÓN DECIMAL UNIVERSAL | |
| Número de la Clasificación Decimal Universal | 821.134.2 Diego, Gerardo .09 |
| 100 1# - ENTRADA PRINCIPAL--NOMBRE DE PERSONA | |
| Nombre de persona | Bernal, José Luis, |
| Fechas asociadas al nombre | 1959- |
| 9 (RLIN) | 149323 |
| 245 13 - MENCIÓN DEL TÍTULO | |
| Título | La del alba sería_ la poesía |
| Resto del título | : (Miguel de Cervantes y Gerardo Diego) / |
| Mención de responsabilidad, etc. | [José Luis Bernal]. |
| 260 ## - PUBLICACIÓN, DISTRIBUCIÓN, ETC. | |
| Lugar de publicación, distribución, etc. | [Alcalá de Henares] : |
| Nombre del editor, distribuidor, etc. | Concejalía de Cultura, Relaciones Institucionales, Universidad y Patrimonio HIstórico-Artístico, |
| Fecha de publicación, distribución, etc. | D. L. 1999. |
| 300 ## - DESCRIPCIÓN FÍSICA | |
| Extensión | 46 p. : |
| Otras características físicas | il. ; |
| Dimensiones | 21 cm. |
| 500 ## - NOTA GENERAL | |
| Nota general | "Edición conmemorativa de la imposición del nombre "Sala Gerardo Diego" al salón de actos del edificio central del Servicio Municipal de Archivos y Bibliotecas en su primer centenario, acto que tuvo lugar el día 30 de enero de 1998". p. 5. |
| 600 14 - PUNTO DE ACCESO ADICIONAL DE MATERIA--NOMBRE DE PERSONA | |
| Nombre de persona | Cervantes Saavedra, Miguel de, |
| Fechas asociadas al nombre | 1547-1616- |
| Subdivisión general | Crítica e interpretación |
| 9 (RLIN) | 37602 |
| 600 14 - PUNTO DE ACCESO ADICIONAL DE MATERIA--NOMBRE DE PERSONA | |
| Nombre de persona | Diego, Gerardo, |
| Fechas asociadas al nombre | 1896-1987- |
| Subdivisión general | Crítica e interpretación |
| 9 (RLIN) | 44547 |
| 700 1# - ENTRADA AGREGADA--NOMBRE PERSONAL | |
| Nombre de persona | Bernal, José Luis, |
| Fechas asociadas al nombre | 1959- |
| 9 (RLIN) | 149323 |
| 710 1# - ENTRADA AGREGADA--NOMBRE DE ENTIDAD CORPORATIVA | |
| Nombre de entidad corporativa o nombre de jurisdicción como elemento de entrada | Alcalá de Henares. |
| Unidad subordinada | Concejalía de Cultura, Relaciones Institucionales, Universidad y Patrimonio Histórico-Artístico. |
| 9 (RLIN) | 143806 |
| 852 ## - LOCALIZACIÓN | |
| Ubicación | ES-MaACL |
| Número de control de estantería | 2263-F-13 |
| Estatus retirado | Estado de pérdida | Estado de daño | No para préstamo | Colección | Biblioteca de origen | Biblioteca actual | Ubicación en estantería | Fecha de adquisición | Fuente de adquisición | Total de préstamos | Signatura topográfica completa | Código de barras | Visto por última vez | Precio de reemplazo | Tipo de ítem Koha |
|---|---|---|---|---|---|---|---|---|---|---|---|---|---|---|---|
| Colección de folletos | Biblioteca del Ateneo de Madrid | Biblioteca del Ateneo de Madrid | Depósito folletos | 29/10/2010 | 2263-F-13 | 1184262 | 23/02/2023 | 23/02/2023 | Folleto |
